Statistics for All Allsvenskan teams in 2021

Click here to take the quiz!

General Stats

  • This quiz has been taken 8 times
  • The average score is 9 of 16

Answer Stats

Squad ValueAnswer% Correct
€ 10,40MAIK
100%
€ 15,45MIFK Göteborg
88%
€ 23,70MMalmö FF
88%
€ 12,60MDjurgardens IF
75%
€ 12,85MHammarby IF
75%
€ 15,03MIF Elfsborg
75%
€ 15,03MBK Häcken
63%
€ 17,08MIFK Norrköping
63%
€ 6,10MDegerfors IF
50%
€ 4,95MHalmstads BK
50%
€ 6,75MIK Sirius
38%
€ 5,35MKalmar FF
25%
€ 6,93MMjällby AIF
25%
€ 7,20MÖrebro SK
25%
€ 7,25MÖstersunds FK
25%
€ 4,75MVarbergs BoIS
25%

Score Distribution

Percentile by Number Answered

Percent of People with Each Score

Your Score History

You have not taken this quiz